000 00663nam a2200205Ia 4500
003 IN-BaIIA
008 211028s9999 xx 000 0 eng d
040 _cIIA Library
080 _a083.7:669.14-423
_bISI
110 _aIndian Standards Institution
245 0 _aIndian standard code of practice for corrosion protection of light gauge steel sections used in building
_cIndian Standards Institution
260 _aNew Delhi
_bIndian Standards Institution
_c1968
300 _a13p.
500 _aIS 4180 : 1967
650 _a Buildings
_98852
650 _a Light Gauge Steel 
_99173
650 _a Standards 
650 _aNASA Thesaurus 
942 _cBK
999 _c5184
_d5184